[Event "BL2-West 0506"]
[Site "Germany"]
[Date "2006.04.02"]
[Round "9.4"]
[White "Kipper, Jens"]
[Black "Richter, Christian"]
[Result "1/2-1/2"]
[WhiteElo "2348"]
[BlackElo "2435"]
[PlyCount "47"]
[EventDate "2005.10.23"]
[EventType "team-tourn"]
[EventRounds "9"]
[EventCountry "GER"]
[SourceTitle "EXT 2007"]
[Source "ChessBase"]
[SourceDate "2006.11.23"]
[SourceVersion "1"]
[SourceVersionDate "2006.11.23"]
[SourceQuality "1"]
[WhiteTeam "Koeln Porz II"]
[BlackTeam "Emsdetten Turm"]
[WhiteTeamCountry "GER"]
[BlackTeamCountry "GER"]

1. Nf3 Nf6 2. c4 g6 3. Nc3 Bg7 4. e4 d6 5. d4 0-0 6. Be2 Na6 7. 0-0 e5 8. Be3 Ng4 9. Bg5 Qe8 10. dxe5 dxe5 11. h3 f6 12. Bd2 Nh6 13. c5 Nxc5 14. Qc1 Nf7 15. Nd5 Ne6 16. Nxc7 Nxc7 17. Qxc7 Nd8 18. Rfc1 Be6 19. Be3 Rf7 20. Qc3 Bf8 21. b4 Qa4 22. a3 Bd6 23. Qd3 Bf8 24. Qc2 1/2-1/2